Biomedical digital signal processing : (Record no. 62168)

MARC details
000 -LEADER
fixed length control field 00507nam a22001457a 4500
005 - DATE AND TIME OF LATEST TRANSACTION
control field 20180827132818.0
020 ## - INTERNATIONAL STANDARD BOOK NUMBER
International Standard Book Number 8120314786
Terms of availability 225.00
035 ## - SYSTEM CONTROL NUMBER
System control number A-951012, A-951018
037 ## - SOURCE OF ACQUISITION
Stock number DPL
Source of stock number/acquisition ENG
100 ## - MAIN ENTRY--PERSONAL NAME
Personal name Tompkins, Willis J.
245 ## - TITLE STATEMENT
Title Biomedical digital signal processing :
Remainder of title C-language examples and laboratory experiments for the IBM PC /
Statement of responsibility, etc by Willis J. Tompkins
260 ## - PUBLICATION, DISTRIBUTION, ETC. (IMPRINT)
Place of publication, distribution, etc New Delhi
Name of publisher, distributor, etc Prentice-Hall of India
Date of publication, distribution, etc 1999
300 ## - PHYSICAL DESCRIPTION
Extent xi, 368p.
Dimensions 22 cms.
942 ## - ADDED ENTRY ELEMENTS (KOHA)
Source of classification or shelving scheme Dewey Decimal Classification
Item type English Books
Classification part 005.36
Call number suffix TOM
Holdings
Withdrawn status Lost status Not for loan Collection code Home library Current library Date acquired Cost, normal purchase price Full call number Barcode Cost, replacement price Koha item type Source of acquisition
      Non-fiction Sarojini Nagar Sarojini Nagar 07/02/2012 225.00 005.36 TOM A-951012 225.00 English Books  
      Non-fiction Shahdara Branch Shahdara Branch 27/08/2018 225.00 005.36 TOM A-951018 225.00 English Books BPPD/PUB

© Delhi Public Library
Hit Counter
free hit counter